[Event "Politiken Cup 37th"]
[Site "Helsingor"]
[Date "2015.08.01"]
[Round "9"]
[White "Morkedal, Oyvind"]
[Black "Frederiksen Kristian, Pade"]
[Result "1/2-1/2"]
[WhiteElo "1689"]
[BlackElo "1839"]
[PlyCount "105"]
[EventDate "2015.07.25"]
[EventType "swiss"]
[EventRounds "10"]
[EventCountry "DEN"]
[SourceTitle "CBM 167 Extra"]
[Source "ChessBase"]
[SourceDate "2015.09.14"]
[SourceVersion "1"]
[SourceVersionDate "2015.09.14"]
[SourceQuality "1"]

1. d4 d5 2. c4 c6 3. Nf3 Nf6 4. Nc3 e6 5. Bg5 Nbd7 6. cxd5 cxd5 7. e3 Be7 8. Bd3 0-0 9. 0-0 h6 10. Bh4 a6 11. a4 Nb8 12. Ne5 Nc6 13. Nxc6 bxc6 14. Qe2 c5 15. Bxf6 Bxf6 16. dxc5 Bxc3 17. bxc3 Qc7 18. c4 Qxc5 19. cxd5 exd5 20. a5 Re8 21. Qc2 Qd6 22. Rfb1 Rb8 23. Rxb8 Qxb8 24. Qc6 Bb7 25. Qb6 Re6 26. Qb4 Qe5 27. Rb1 Re7 28. Qb6 Rc7 29. Bxa6 Bxa6 30. Qxa6 Qc3 31. Qa8+ Kh7 32. Qxd5 Rc5 33. Qe4+ f5 34. Qf3 Rxa5 35. Qd1 Ra2 36. g3 Qd2 37. Qxd2 Rxd2 38. Rb7 Kg6 39. Kg2 Kf6 40. h4 Ra2 41. Rb4 h5 42. e4 fxe4 43. Rxe4 g6 44. g4 hxg4 45. Rxg4 Ra5 46. Kg3 Ra3+ 47. f3 Ra5 48. Rb4 Kf5 49. Rf4+ Ke6 50. Kg4 Rb5 51. Re4+ Kf6 52. Rf4+ Ke6 53. Re4+ 1/2-1/2

[Event "Hordaland-ch op"]
[Site "Bergen"]
[Date "2015.04.17"]
[Round "1"]
[White "Woldseth, Ole"]
[Black "Morkedal, Oyvind"]
[Result "1-0"]
[WhiteElo "2076"]
[BlackElo "1524"]
[PlyCount "79"]
[EventDate "2015.04.17"]
[EventType "swiss"]
[EventRounds "5"]
[EventCountry "NOR"]
[SourceTitle "EXT 2024"]
[Source "ChessBase"]
[SourceDate "2023.10.10"]
[SourceVersion "1"]
[SourceVersionDate "2023.10.10"]
[SourceQuality "1"]

1. d4 Nf6 2. Nf3 d5 3. Bf4 c5 4. e3 Nc6 5. c3 Bg4 6. Nbd2 e6 7. Qa4 cxd4 8. exd4 Bxf3 9. Nxf3 Bd6 10. Bg5 0-0 11. Bd3 a6 12. 0-0 b5 13. Qc2 h6 14. Bh4 Be7 15. Qe2 Qb6 16. a3 Rab8 17. Ne5 Rb7 18. f4 Nd7 19. Bxe7 Nxe7 20. Rae1 Nf6 21. Rf3 Nf5 22. Bxf5 exf5 23. Rg3 Ne4 24. Re3 Rc8 25. Qh5 a5 26. Qxf5 Rbc7 27. Nxf7 Rf8 28. Nxh6+ Qxh6 29. Qxd5+ Rcf7 30. Rxe4 Kh8 31. g3 Qg6 32. Re5 Qc2 33. Rh5+ Kg8 34. Qe4 Qxe4 35. Rxe4 Rb7 36. Ree5 Rfb8 37. b4 axb4 38. axb4 Rc7 39. Rc5 Rcb7 40. Kf2 1-0

[Event "Fagernes Norsk op-B"]
[Site "Fagernes"]
[Date "2015.03.29"]
[Round "4"]
[White "Berg Olsen, Sebastian N"]
[Black "Morkedal, Oyvind"]
[Result "0-1"]
[WhiteElo "1342"]
[BlackElo "1711"]
[PlyCount "60"]
[EventDate "2015.03.29"]
[EventType "swiss"]
[EventRounds "9"]
[EventCountry "NOR"]
[SourceTitle "EXT 2016"]
[Source "ChessBase"]
[SourceDate "2015.10.08"]
[SourceVersion "1"]
[SourceVersionDate "2015.10.08"]
[SourceQuality "1"]

1. e4 c5 2. Nf3 e6 3. d4 cxd4 4. Nxd4 a6 5. Nc3 Qc7 6. g3 b5 7. a3 Bb7 8. Bg2 Nf6 9. 0-0 Be7 10. Re1 d6 11. Be3 Nbd7 12. Qd3 0-0 13. Bh3 Nc5 14. Qd1 e5 15. Nf5 Ncxe4 16. Nxe7+ Qxe7 17. Nxe4 Bxe4 18. Bg5 Bb7 19. Qg4 h6 20. Bxf6 Qxf6 21. Qd7 Qf3 22. Kf1 Rac8 23. c3 Rc4 24. Rad1 Re4 25. Rxe4 Qxd1+ 26. Kg2 Bxe4+ 27. f3 Bxf3+ 28. Kf2 Qe2+ 29. Kg1 Qe1+ 30. Bf1 Qe3# 0-1

[Event "Knarrevik Winter 1st"]
[Site "Knarrevik"]
[Date "2015.02.28"]
[Round "3"]
[White "Bjugn, Gisle"]
[Black "Morkedal, Oyvind"]
[Result "1/2-1/2"]
[WhiteElo "1749"]
[BlackElo "1560"]
[PlyCount "200"]
[EventDate "2015.02.27"]
[EventType "swiss"]
[EventRounds "5"]
[EventCountry "NOR"]
[SourceTitle "EXT 2024"]
[Source "ChessBase"]
[SourceDate "2023.10.10"]
[SourceVersion "1"]
[SourceVersionDate "2023.10.10"]
[SourceQuality "1"]

1. Nf3 g6 2. d4 Bg7 3. Bf4 d6 4. e3 Nd7 5. c3 c5 6. Nbd2 cxd4 7. exd4 Qc7 8. Be2 e5 9. dxe5 dxe5 10. Bg3 Ne7 11. h3 0-0 12. 0-0 Nc6 13. Nc4 Nb6 14. Qd6 Qxd6 15. Nxd6 Nd7 16. Rfe1 a6 17. a4 Nc5 18. Bc4 e4 19. Ng5 Nd8 20. Ngxe4 Nde6 21. Nxc5 Nxc5 22. Re7 Be6 23. Bxe6 fxe6 24. Nxb7 Ne4 25. Rxe6 Nxg3 26. fxg3 Rab8 27. Re7 Rf6 28. a5 Rf5 29. Rae1 Bf8 30. Rd7 Rb5 31. Nd8 Rxb2 32. Nc6 Bc5+ 33. Kh2 Rf8 34. Rd8 Rxd8 35. Nxd8 Bf2 36. Rf1 Rc2 37. Ne6 Kf7 38. Ng5+ Kg7 39. Ne4 Ba7 40. Rd1 Bb8 41. Rd8 Be5 42. Rd5 Bb8 43. Rd8 Be5 44. Re8 Bf6 45. Nxf6 Kxf6 46. Rc8 Ke5 47. Rc6 Kd5 48. Rxa6 Rxc3 49. Ra7 h5 50. Ra8 Ke6 51. a6 Ra3 52. Ra7 Kf6 53. h4 Ra4 54. Kh3 Ra3 55. Ra8 Kg7 56. a7 Kh7 57. Kh2 Kg7 58. Kh3 Kh7 59. Rb8 Rxa7 60. g4 hxg4+ 61. Kxg4 Ra4+ 62. Kh3 Ra7 63. Rf8 Kg7 64. Rf4 Ra3+ 65. Kg4 Ra5 66. Rb4 Ra7 67. Rb5 Kh6 68. g3 Rc7 69. Rb4 Ra7 70. Re4 Rc7 71. Re8 Kg7 72. Re4 Ra7 73. h5 gxh5+ 74. Kxh5 Ra8 75. Re7+ Kg8 76. g4 Ra5+ 77. g5 Ra8 78. Rb7 Rc8 79. Rb6 Ra8 80. Kh6 Kh8 81. Kg6 Kg8 82. Kf6 Rf8+ 83. Kg6 Ra8 84. Rf6 Rb8 85. Rd6 Ra8 86. Rd7 Ra6+ 87. Kh5 Ra8 88. Re7 Rb8 89. Kg6 Rb6+ 90. Kf5 Rb8 91. Kf6 Rf8+ 92. Ke6 Ra8 93. g6 Ra6+ 94. Kf5 Ra5+ 95. Kf6 Ra6+ 96. Kg5 Ra5+ 97. Kh6 Ra8 98. Rf7 Rb8 99. Rg7+ Kh8 100. Ra7 Kg8 1/2-1/2

[Event "Sandnes Masfjorden op"]
[Site "Sandnes"]
[Date "2015.02.15"]
[Round "6"]
[White "Khan, Imad Ali"]
[Black "Morkedal, Oyvind"]
[Result "0-1"]
[WhiteElo "1320"]
[BlackElo "1706"]
[PlyCount "84"]
[EventDate "2015.02.13"]
[EventType "swiss"]
[EventRounds "6"]
[EventCountry "NOR"]
[SourceTitle "EXT 2017"]
[Source "ChessBase"]
[SourceDate "2016.10.25"]
[SourceVersion "1"]
[SourceVersionDate "2016.10.25"]
[SourceQuality "1"]

1. d4 Nf6 2. c4 c5 3. d5 b5 4. cxb5 a6 5. bxa6 g6 6. Nc3 Bxa6 7. e4 Bxf1 8. Kxf1 d6 9. g3 Bg7 10. Kg2 0-0 11. Nf3 Nbd7 12. Re1 Qb6 13. Qe2 Ng4 14. h3 Nge5 15. Nd2 Qa6 16. Qxa6 Rxa6 17. Re3 Nb6 18. f4 Nec4 19. Nxc4 Nxc4 20. Re2 Rfa8 21. Nd1 Rxa2 22. Rxa2 Rxa2 23. Kf3 Ra1 24. Rc2 Nd2+ 25. Bxd2 Rxd1 26. Bc3 Rd3+ 27. Kg2 Bxc3 28. Rxc3 Rd2+ 29. Kf3 Rxb2 30. Ra3 f6 31. Ra8+ Kf7 32. Rh8 Rb3+ 33. Kf2 h5 34. Rh7+ Ke8 35. Rh8+ Kd7 36. Ra8 c4 37. Ra4 Rb2+ 38. Ke3 Rb3+ 39. Kd2 Rxg3 40. Ra7+ Ke8 41. Ra8+ Kf7 42. Rh8 Rxh3 0-1

[Event "Sandnes Masfjorden op"]
[Site "Sandnes"]
[Date "2015.02.13"]
[Round "1"]
[White "Morkedal, Oyvind"]
[Black "Kyrkjebo, Erlend"]
[Result "0-1"]
[WhiteElo "1706"]
[BlackElo "2082"]
[PlyCount "42"]
[EventDate "2015.02.13"]
[EventType "swiss"]
[EventRounds "6"]
[EventCountry "NOR"]
[SourceTitle "EXT 2017"]
[Source "ChessBase"]
[SourceDate "2016.10.25"]
[SourceVersion "1"]
[SourceVersionDate "2016.10.25"]
[SourceQuality "1"]

1. e4 c5 2. Nf3 d6 3. d4 cxd4 4. Nxd4 Nf6 5. Nc3 g6 6. Be3 Bg7 7. f3 0-0 8. Qd2 Nc6 9. 0-0-0 d5 10. exd5 Nxd5 11. Nxc6 bxc6 12. Bd4 e5 13. Bc5 Be6 14. Bxf8 Qxf8 15. Nxd5 Bxd5 16. Kb1 Rb8 17. c4 e4 18. cxd5 Qa3 19. b3 Rxb3+ 20. axb3 Qa1+ 21. Kc2 Qb2# 0-1

[Event "Bergen op"]
[Site "Bergen"]
[Date "2014.10.12"]
[Round "5"]
[White "Morkedal, Oyvind"]
[Black "Strand, Oyvin"]
[Result "0-1"]
[WhiteElo "1590"]
[BlackElo "1813"]
[PlyCount "132"]
[EventDate "2014.10.10"]
[EventType "swiss"]
[EventRounds "5"]
[EventCountry "NOR"]
[SourceTitle "EXT 2015"]
[Source "ChessBase"]
[SourceDate "2014.11.20"]
[SourceVersion "1"]
[SourceVersionDate "2014.11.20"]
[SourceQuality "1"]

1. e4 g6 2. d4 Bg7 3. Nc3 d6 4. Nf3 a6 5. a4 Nd7 6. Be3 b6 7. Qd2 Bb7 8. Bd3 e6 9. 0-0 Ne7 10. Rfe1 0-0 11. Bh6 c5 12. Bxg7 Kxg7 13. Bc4 d5 14. exd5 exd5 15. Bf1 c4 16. g3 Nf6 17. Bg2 Nf5 18. Ne5 Nd6 19. Qf4 b5 20. axb5 axb5 21. Ng4 Rxa1 22. Rxa1 Nxg4 23. Qxg4 Nf5 24. Nxb5 Qb6 25. Nc3 Qxb2 26. Rb1 Qxc3 27. Rxb7 Qa1+ 28. Bf1 Nxd4 29. Qd7 Nf3+ 30. Kg2 Nd2 31. Be2 Qe5 32. Qe7 Qxe7 33. Rxe7 Kf6 34. Rc7 Re8 35. Bf3 Nxf3 36. Kxf3 Re7 37. Rc5 Ke5 38. c3 Re6 39. Rc8 h5 40. h4 Ra6 41. Re8+ Re6 42. Rh8 f6 43. Rc8 Kf5 44. Rc7 Re1 45. Rd7 Rd1 46. Ke2 Rd3 47. Rd8 g5 48. hxg5 fxg5 49. f3 h4 50. gxh4 gxh4 51. Rf8+ Ke6 52. Rh8 Rxc3 53. Rxh4 Ke5 54. Rh5+ Kd4 55. Rh4+ Kc5 56. f4 d4 57. f5 Re3+ 58. Kd2 c3+ 59. Kd1 Rf3 60. Rh5 Kc4 61. Rg5 Kd3 62. Rg1 Rxf5 63. Rh1 c2+ 64. Kc1 Kc3 65. Rh3+ d3 66. Rh1 d2# 0-1

[Event "Bergen op"]
[Site "Bergen"]
[Date "2014.10.10"]
[Round "1"]
[White "Skoien, Havard"]
[Black "Morkedal, Oyvind"]
[Result "1-0"]
[WhiteElo "2059"]
[BlackElo "1590"]
[PlyCount "69"]
[EventDate "2014.10.10"]
[EventType "swiss"]
[EventRounds "5"]
[EventCountry "NOR"]
[SourceTitle "EXT 2015"]
[Source "ChessBase"]
[SourceDate "2014.11.20"]
[SourceVersion "1"]
[SourceVersionDate "2014.11.20"]
[SourceQuality "1"]

1. d4 Nf6 2. c4 c5 3. d5 b5 4. Nf3 Qa5+ 5. Bd2 b4 6. Qc2 d6 7. h3 g6 8. e4 Nbd7 9. Bd3 Bg7 10. 0-0 Qc7 11. a3 bxa3 12. Rxa3 Rb8 13. Bc3 0-0 14. Nbd2 Ne5 15. Nxe5 dxe5 16. Qa4 Rb7 17. Qa5 Qd6 18. Rfa1 Nd7 19. Rb3 Nb6 20. Rb5 Rc7 21. b4 Nd7 22. Nb3 a6 23. bxc5 Qf6 24. Qxc7 axb5 25. cxb5 Qg5 26. Bd2 Qh5 27. b6 Nf6 28. b7 Bxh3 29. gxh3 Qxh3 30. Bf1 Qg4+ 31. Bg2 Nd7 32. c6 Nb8 33. Qxe7 Qe2 34. c7 Nc6 35. dxc6 1-0

[Event "Politiken Cup 36th"]
[Site "Helsingor"]
[Date "2014.07.27"]
[Round "8"]
[White "Morkedal, Oyvind"]
[Black "Mehringer, Joerg"]
[Result "1/2-1/2"]
[WhiteElo "1719"]
[BlackElo "1939"]
[PlyCount "64"]
[EventDate "2014.07.21"]
[EventType "swiss"]
[EventRounds "10"]
[EventCountry "DEN"]
[SourceTitle "CBM 161 Extra"]
[Source "ChessBase"]
[SourceDate "2014.08.29"]
[SourceVersion "1"]
[SourceVersionDate "2014.08.29"]
[SourceQuality "1"]

1. e4 e5 2. Nf3 Nc6 3. Bb5 f5 4. d3 fxe4 5. dxe4 Nf6 6. 0-0 Bc5 7. Qd3 d6 8. Nc3 0-0 9. Qc4+ Kh8 10. Bxc6 bxc6 11. Nxe5 Qe8 12. Nf3 a5 13. e5 Ba6 14. Qh4 Nd5 15. Nxd5 cxd5 16. Re1 Qg6 17. Nd4 Rae8 18. e6 Bc8 19. e7 Rf7 20. c3 Bf5 21. Qg5 Qxg5 22. Bxg5 h6 23. Bh4 Bd7 24. f3 g5 25. Bf2 Rfxe7 26. Rxe7 Rxe7 27. Re1 Rxe1+ 28. Bxe1 Bxd4+ 29. cxd4 a4 30. Bb4 Kg7 31. Kf2 Kf6 32. Ke3 Bb5 1/2-1/2

[Event "Fagernes Norsk op-B"]
[Site "Fagernes"]
[Date "2014.04.13"]
[Round "8"]
[White "Berntsen Oybo, August"]
[Black "Morkedal, Oyvind"]
[Result "1/2-1/2"]
[WhiteElo "1545"]
[BlackElo "1729"]
[PlyCount "135"]
[EventDate "2014.04.13"]
[EventType "swiss"]
[EventRounds "9"]
[EventCountry "NOR"]
[SourceTitle "EXT 2016"]
[Source "ChessBase"]
[SourceDate "2015.10.08"]
[SourceVersion "1"]
[SourceVersionDate "2015.10.08"]
[SourceQuality "1"]

1. e4 e5 2. Nf3 Nc6 3. d4 exd4 4. Nxd4 Nf6 5. Nc3 Bb4 6. Nxc6 bxc6 7. Bd3 d5 8. exd5 cxd5 9. 0-0 0-0 10. Qf3 c6 11. Bg5 Be7 12. Ne2 Bg4 13. Qg3 Bxe2 14. Bxf6 Bxf6 15. Bxe2 Bxb2 16. Rab1 Qf6 17. Bd3 Rab8 18. Qc7 Be5 19. Qa5 Bd4 20. Qd2 Rxb1 21. Rxb1 Re8 22. g3 h5 23. h4 Qf3 24. Qf4 Bxf2+ 25. Kh2 Qxf4 26. gxf4 Bxh4 27. Rb7 Bf2 28. Rc7 Be3 29. Kg3 c5 30. c4 g5 31. fxg5 Bxg5 32. Kg2 Re3 33. Bf1 Ra3 34. Rxc5 Rxa2+ 35. Kf3 Ra3+ 36. Kg2 Ra2+ 37. Kh1 Rd2 38. cxd5 Be3 39. Rb5 Bb6 40. Bg2 Kg7 41. Rb3 f5 42. Kh2 h4 43. Kh3 Bf2 44. Rc3 a5 45. Ra3 Be1 46. Re3 Bf2 47. Ra3 Kf6 48. Rxa5 Rd3+ 49. Kh2 Bg3+ 50. Kg1 Rd1+ 51. Bf1 h3 52. Ra6+ Ke5 53. Rh6 h2+ 54. Kg2 Bf4 55. Rh4 Rxd5 56. Rh8 Kf6 57. Rh3 Rd7 58. Kh1 Rg7 59. Bg2 Bg3 60. Rh6+ Ke5 61. Rb6 Kf4 62. Rb4+ Ke3 63. Rb3+ Kd2 64. Rf3 f4 65. Ra3 Re7 66. Ra1 Rh7 67. Ra3 Be1 68. Rf3 1/2-1/2

[Event "Fagernes Norsk op-B"]
[Site "Fagernes"]
[Date "2014.04.13"]
[Round "3"]
[White "Morkedal, Oyvind"]
[Black "Bentsen, Hakon"]
[Result "1/2-1/2"]
[WhiteElo "1729"]
[BlackElo "2074"]
[PlyCount "121"]
[EventDate "2014.04.13"]
[EventType "swiss"]
[EventRounds "9"]
[EventCountry "NOR"]
[SourceTitle "EXT 2016"]
[Source "ChessBase"]
[SourceDate "2015.10.08"]
[SourceVersion "1"]
[SourceVersionDate "2015.10.08"]
[SourceQuality "1"]

1. d4 d5 2. c4 e6 3. Nc3 Nf6 4. Bg5 Nbd7 5. cxd5 exd5 6. e3 Be7 7. Bd3 c6 8. Qc2 0-0 9. Nf3 Re8 10. 0-0 h6 11. Bh4 Ne4 12. Bxe7 Qxe7 13. Nd2 Ndf6 14. Bxe4 dxe4 15. Rae1 Bf5 16. f3 Bg6 17. fxe4 Nxe4 18. Ndxe4 Bxe4 19. Nxe4 Qxe4 20. Qb3 Re7 21. Rf3 Rae8 22. Ref1 Qd5 23. Qxd5 cxd5 24. Rc1 Rxe3 25. Rxe3 Rxe3 26. Rc8+ Kh7 27. Rc7 Rd3 28. Rxb7 Rxd4 29. Rxa7 Rd1+ 30. Kf2 Rd2+ 31. Kf3 Rxb2 32. Rd7 Rxa2 33. Rxd5 g5 34. h3 Kg6 35. g4 f6 36. Kg3 Ra3+ 37. Kg2 h5 38. Rb5 Ra2+ 39. Kf3 h4 40. Rb3 Rh2 41. Ke4 Rf2 42. Rf3 Re2+ 43. Re3 Ra2 44. Rb3 Ra6 45. Rc3 Kf7 46. Kf5 Ra7 47. Rb3 Re7 48. Rb5 Kg7 49. Ra5 Re3 50. Ra7+ Kh6 51. Kxf6 Rxh3 52. Kf7 Rb3 53. Ra6+ Kh7 54. Kf6 Rb5 55. Ra7+ Kh6 56. Ra8 Rb6+ 57. Kf5 Rg6 58. Rb8 Kh7 59. Rb7+ Rg7 60. Rb3 Kh6 61. Rb6+ 1/2-1/2

[Event "Straume Hordalandsmesterskap GP A"]
[Site "Straume"]
[Date "2014.04.05"]
[Round "3"]
[White "Rasmussen, Jonas H"]
[Black "Morkedal, Oyvind"]
[Result "1-0"]
[WhiteElo "1612"]
[BlackElo "1415"]
[PlyCount "47"]
[EventDate "2014.04.04"]
[EventType "swiss"]
[EventRounds "5"]
[EventCountry "NOR"]
[SourceTitle "EXT 2024"]
[Source "ChessBase"]
[SourceDate "2023.10.10"]
[SourceVersion "1"]
[SourceVersionDate "2023.10.10"]
[SourceQuality "1"]

1. d4 d5 2. c4 c6 3. Nf3 Nf6 4. Qc2 dxc4 5. Qxc4 Bf5 6. Nc3 e6 7. g3 Nbd7 8. Bg2 Be7 9. 0-0 h6 10. Re1 Bh7 11. a3 0-0 12. e4 Rc8 13. Qe2 Nb6 14. b4 Nbd7 15. Bb2 b5 16. Rad1 Nb6 17. d5 exd5 18. exd5 Nc4 19. dxc6 Qc7 20. Nxb5 Qxc6 21. Nxa7 Qc7 22. Nxc8 Bxb4 23. axb4 Nxb2 24. Ne7+ 1-0

[Event "Reykjavik op"]
[Site "Reykjavik"]
[Date "2014.03.12"]
[Round "10"]
[White "Danielsson, Sigurdur G"]
[Black "Morkedal, Oyvind"]
[Result "0-1"]
[WhiteElo "1953"]
[BlackElo "1704"]
[PlyCount "40"]
[EventDate "2014.03.04"]
[EventType "swiss"]
[EventRounds "10"]
[EventCountry "ISL"]
[SourceTitle "CBM 159 Extra"]
[Source "ChessBase"]
[SourceDate "2014.04.24"]
[SourceVersion "1"]
[SourceVersionDate "2014.04.24"]
[SourceQuality "1"]

1. e4 e5 2. f4 d5 3. Qf3 exf4 4. e5 Qh4+ 5. g3 fxg3 6. hxg3 Qe4+ 7. Qxe4 dxe4 8. d4 exd3 9. Bxd3 Bc5 10. Ne2 h6 11. Nbc3 Ne7 12. Bg5 Nbc6 13. Ne4 Bb6 14. 0-0-0 Bg4 15. Bb5 Bxe2 16. Bxe2 Nxe5 17. Nf6+ gxf6 18. Bxf6 N5g6 19. Bxh8 Nxh8 20. Rxh6 Be3+ 0-1

[Event "Reykjavik op"]
[Site "Reykjavik"]
[Date "2014.03.07"]
[Round "5"]
[White "Morkedal, Oyvind"]
[Black "Omtvedt, Per"]
[Result "1/2-1/2"]
[WhiteElo "1704"]
[BlackElo "2008"]
[PlyCount "64"]
[EventDate "2014.03.04"]
[EventType "swiss"]
[EventRounds "10"]
[EventCountry "ISL"]
[SourceTitle "CBM 159 Extra"]
[Source "ChessBase"]
[SourceDate "2014.04.24"]
[SourceVersion "1"]
[SourceVersionDate "2014.04.24"]
[SourceQuality "1"]

1. e4 c5 2. d4 cxd4 3. c3 d3 4. Bxd3 d6 5. c4 g6 6. Nf3 Nc6 7. 0-0 Bg7 8. Re1 Nf6 9. Nc3 0-0 10. h3 Nd7 11. Be3 Nc5 12. Bc2 b6 13. Qd2 Bb7 14. Bh6 Ne5 15. Nxe5 dxe5 16. Qxd8 Rfxd8 17. Bxg7 Kxg7 18. Rad1 Ne6 19. Ne2 Nd4 20. Nxd4 exd4 21. e5 Rac8 22. b3 Rc7 23. Be4 f6 24. exf6+ Kxf6 25. f4 Bxe4 26. Rxe4 Rcd7 27. g4 d3 28. Rd2 Rd4 29. Re3 e6 30. Kg2 Rxf4 31. Rexd3 Rxd3 32. Rxd3 Ke7 1/2-1/2

[Event "Bergen Grand Prix B"]
[Site "Bergen"]
[Date "2013.10.19"]
[Round "3"]
[White "Solheim, Per Otto"]
[Black "Morkedal, Oyvind"]
[Result "1-0"]
[WhiteElo "1615"]
[BlackElo "1365"]
[PlyCount "131"]
[EventDate "2013.10.18"]
[EventType "swiss"]
[EventRounds "5"]
[EventCountry "NOR"]
[SourceTitle "EXT 2024"]
[Source "ChessBase"]
[SourceDate "2023.10.10"]
[SourceVersion "1"]
[SourceVersionDate "2023.10.10"]
[SourceQuality "1"]

1. e4 e5 2. Nf3 Nc6 3. Bb5 a6 4. Ba4 Nf6 5. 0-0 Be7 6. Re1 b5 7. Bb3 d6 8. c3 0-0 9. d4 Bg4 10. d5 Na5 11. Bc2 c6 12. dxc6 Qc7 13. Nbd2 Qxc6 14. Nf1 Nc4 15. b3 Nb6 16. Qd3 Rfe8 17. Ng3 g6 18. h3 Bc8 19. Bg5 Bb7 20. Rac1 Nbd7 21. Bb1 Bf8 22. Qd2 Bg7 23. c4 Qb6 24. Be3 Qc6 25. cxb5 Qxb5 26. Qxd6 Bf8 27. Qd3 Qxd3 28. Bxd3 Rac8 29. Rxc8 Rxc8 30. Rc1 Rxc1+ 31. Bxc1 Nc5 32. Bc2 Ncxe4 33. Nxe4 Nxe4 34. Bxe4 Bxe4 35. Nxe5 Bg7 36. Nd7 Bc3 37. Bd2 Bd4 38. Be3 Bc3 39. Nc5 Bb1 40. a3 a5 41. Bc1 Bc2 42. Kf1 Bd4 43. b4 axb4 44. axb4 Bxc5 45. bxc5 Be4 46. f3 Bc6 47. Ke2 Kf8 48. Ke3 Ke7 49. Kf4 h5 50. g4 hxg4 51. fxg4 Bd7 52. h4 f5 53. gxf5 gxf5 54. h5 Kf7 55. Ke5 Be8 56. Kd6 Kg7 57. c6 Bxc6 58. Kxc6 Kf6 59. Bf4 Kf7 60. Kd5 Kf6 61. Kd6 Kg7 62. Ke6 Kh7 63. Kxf5 Kh8 64. Kg6 Kg8 65. h6 Kh8 66. Be5+ 1-0

[Event "Politiken Cup 35th"]
[Site "Helsingor"]
[Date "2013.08.03"]
[Round "9"]
[White "Nielsen, Kai Gylling"]
[Black "Morkedal, Oyvind"]
[Result "1-0"]
[WhiteElo "1833"]
[BlackElo "1628"]
[PlyCount "45"]
[EventDate "2013.07.27"]
[EventType "swiss"]
[EventRounds "10"]
[EventCountry "DEN"]
[SourceTitle "CBM 155 Extra"]
[Source "ChessBase"]
[SourceDate "2013.08.26"]
[SourceVersion "1"]
[SourceVersionDate "2013.08.26"]
[SourceQuality "1"]

1. Nf3 d5 2. d4 Nf6 3. c4 c6 4. Nc3 dxc4 5. e4 b5 6. Qc2 Bg4 7. e5 Nd5 8. Qe4 Bxf3 9. Qxf3 e6 10. Be2 Nd7 11. 0-0 Be7 12. a4 a6 13. Bd2 0-0 14. Qg4 Re8 15. f4 Nxc3 16. bxc3 Nb6 17. f5 Bf8 18. f6 g6 19. Qh3 Nd5 20. Bh6 Nxc3 21. Bxf8 Nxe2+ 22. Kh1 h5 23. Qe3 1-0